Statystyki dla Kierowcy F1 2019

Kliknij tutaj aby rozwiązać quiz!

Ogólne statystyki

  • Ten quiz został rozwiązany 32 razy
  • Średni wynik to 18 z 20

Statystyki odpowiedzi

NumerKierowca% Poprawnych
3Daniel Ricciardo
100%
63George Russell
100%
4Lando Norris
100%
44Lewis Hamilton
100%
33Max Verstappen
100%
77Valtteri Bottas
100%
10Pierre Gasly
96%
11Sergio Perez
96%
55Carlos Sainz
92%
20Kevin Magnussen
92%
27Nico Hulkenberg
92%
88Robert Kubica
92%
5Sebastian Vettel
92%
23Alexander Albon
88%
99Antonio Giovinazzi
88%
16Charles Leclerc
88%
18Lance Stroll
85%
7Kimi Raikkonen
81%
8Romain Grosjean
81%
26Daniil Kvyat
69%

Rozkład punktacji

Percentyl według liczby udzielonych odpowiedzi

Procent ludzi z każdym wynikiem

Twoja historia wyników

Nie rozwiązałeś tego quizu